| 000 | 01268cam a22002175a 4500 | ||
|---|---|---|---|
| 001 | E148723 | ||
| 008 | 091027s2009 xxk f 000 0 eng d | ||
| 035 | _a(Sirsi) u148723 | ||
| 041 | 0 | _aeng | |
| 050 | 0 | 4 | _a333.332 $2 18 |
| 110 | 2 |
_aRoyal Institution of Chartered Surveyors _94900 |
|
| 245 | 0 | 0 |
_aSummary report on the responses to the RICS consultation document RICS Valuer Accreditation and Regulation _h[electronic resource] |
| 260 |
_aLondon _bRICS _c2009 |
||
| 520 | _aIn March 2009 RICS Valuation Professional Group Board issued a 10 week consultation setting out proposals for a mandatory accreditation scheme for those RICS members who carry out valuations as part of their professional practice (see E147153). This document summarises the responses to the consultation. Key themes include accreditation v registration; scale and scope; regulation and cost; international applicability; and a new designation "RICS Accredited Valuer" and "Valuation Practice". | ||
| 521 | _aAdvanced | ||
| 590 | _aKA | ||
| 651 | 4 |
_aUnited Kingdom _y |
|
| 690 | _aPROPERTY-PROPERTY APPRAISAL AND VALUATION | ||
| 856 | 4 | 0 |
_uhttps://www.rics.org/Global/Downloads/valuation-consultation-response-summary.pdf _zView the report free of charge at www.rics.org... |
| 942 | _n0 | ||
| 999 |
_c110185 _d110185 |
||